000 00863nam a2200253 i 4500
001 C2-0257460
003 PPAK
005 20180727224434.0
008 040827s2001 my |||| ||||| | may d
020 _a9832380030
040 _aPPAK
_beng
_cPPAK
_erda
082 0 4 _a297.63
_223
090 0 0 _a297.63
_bABU
_dG
100 1 _aAbu Ghuddah, As Syeikh Abdul Fattah,
_eauthor
245 1 0 _aNabi Muhammad guru dan pendidik terulung :
_bmenghuraikan 40 teknik cara mengajar yang berkesan oleh Rasulullah
264 1 _aBahau, Negeri Sembilan :
_bM Khari Enterprise ,
_c[2001]
300 _a288 pages ;
_c21 cm
336 _2rdacontent
_atext
337 _2rdamedia
_aunmediated
338 _2rdacarrier
_avolume
650 1 0 _aMuhammad, Prophet, d. 632 ; Muhammad, Prophet, d. 632 - Appreciation
700 0 _aMohd. Khairi bin Zainuddin,
_eeditor
942 _ddc
_cB
999 _c69295
_d69295